LEADER 01287nam--2200385---450- 001 990000995170203316 005 20091221134512.0 010 $a3-428-07368-1 035 $a0099517 035 $aUSA010099517 035 $a(ALEPH)000099517USA01 035 $a0099517 100 $a20020226d1992----km-y0itay0103----ba 101 $ager 102 $aDE 105 $a||||||||001yy 200 1 $a<> rationale Pflichtenrecht Christian Wolffs$eBedeutung und Funktion der traszendentalen, logischen...$fvon Benedict Winiger 210 $aBerlin$cDuncker & Humblot$dc1992 215 $a352 p$d24 cm 225 2 $aSchriften zur Rechtstheorie$v152 410 $12001$aSchriften zur Rechtstheorie$v152 606 0 $aWolff, Christian$xPensiero giuridico 676 $a340.092 700 1$aWINIGER,$bBenedict$0413322 801 0$aIT$bsalbc$gISBD 912 $a990000995170203316 951 $aXXII.1. Coll. 12/ 115 (COLL. AFG 152)$b478 G$cXXII.1. Coll. 12/ 115 (COLL. AFG)$d00254023 959 $aBK 969 $aGIU 979 $aPATTY$b90$c20020226$lUSA01$h1305 979 $c20020403$lUSA01$h1741 979 $aPATRY$b90$c20040406$lUSA01$h1709 979 $aRSIAV3$b90$c20091221$lUSA01$h1345 996 $aRationale Pflichtenrecht Christian Wolffs$9658194 997 $aUNISA LEADER 05170nam 22005894a 450 001 9910145437903321 005 20180727160205.0 010 $a1-281-31023-9 010 $a9786611310233 010 $a0-470-76029-X 010 $a0-470-76002-8 035 $a(CKB)1000000000402140 035 $a(EBL)351402 035 $a(OCoLC)437218658 035 $a(SSID)ssj0000234863 035 $a(PQKBManifestationID)11202722 035 $a(PQKBTitleCode)TC0000234863 035 $a(PQKBWorkID)10241782 035 $a(PQKB)10182626 035 $a(MiAaPQ)EBC351402 035 $a(EXLCZ)991000000000402140 100 $a20040512d2004 uy 0 101 0 $aeng 135 $aur|n|---||||| 181 $2rdacontent 182 $2rdamedia 183 $2rdacarrier 200 10$aRegional nerve blocks and infiltration therapy$b[electronic resource] $etextbook and color atlas /$fDanilo Jankovic 205 $a3rd ed. 210 $aMalden, Mass. $cBlackwell Pub.$d2004 215 $a1 online resource (444 p.) 300 $aRev. ed. of: Regional nerve blocks / Danilo Jankovic, Christopher Wells. 2nd ed. 2001. 311 $a1-4051-2263-3 320 $aIncludes bibliographical references and index. 327 $aRegional nerve blocks and infiltration therapy in clinical practice -- Head and neck region -- Regional anesthesia in ophthalmology / Andrae Van Zundert -- Occipital nerves -- Trigeminal nerve -- Infiltration of trigger points in the masticatory muscles -- Cervicothoracic ganglion (stellate ganglion) -- Superior cervical ganglion -- Deep (and superficial) cervical plexus -- Brachial plexus -- Interscalene block -- Supraclavicular perivascular (subclavian perivascular) block -- Axillary block -- Shoulder region -- Suprascapular nerve -- Subscapular nerve blocks -- Infiltration of subscapular muscle trigger points ("frozen shoulder") -- Rotator cuff muscles -- Injection techniques in the myofascial trigger points -- Shoulder region: intra-articular injections -- Intra-articular injection into the shoulder joint -- Intra-articular injection into the acromioclavicular joint -- Elbow and hand region -- Peripheral nerve blocks in the elbow region -- Peripheral nerve blocks in the wrist region -- Elbow and hand region -- Infiltration of myofascial trigger points and intra-articular injections -- Intravenous regional anesthesia (IVRA) -- Intravenous sympathetic block with guanethidine (Ismelin) -- Thorax, abdomen, lumbar, and sacral spinal region -- Thorax -- Thoracic spinal nerve blocks -- Lumbar spinal region -- Lumbar paravertebral somatic nerve block -- Lumbar sympathetic block -- Abdomen -- Celiac plexus block -- Lumbosacral region -- Iliolumbosacral ligaments -- Ganglion impar (Walther ganglion) block -- Infiltration of the piriform trigger points ("piriform syndrome") -- Lower extremity -- Lumbar plexus, sacral plexus, and coccygeal plexus: anatomy -- Lumbar plexus blocks: introduction -- Inguinal femoral paravascular block ("three-in-one" block) -- Psoas compartment block (Chayen access) -- Sciatic nerve block -- Blocking individual nerves in the lumbar plexus -- Femoral nerve -- Lateral femoral cutaneous nerve -- Obturator nerve -- Ilioinguinal and iliohypogastric nerves -- Blocking peripheral nerves in the knee joint region -- Blocking peripheral nerves in the ankle joint region -- Neuraxial anesthesia -- Neuraxial anatomy -- Spinal anesthesia -- Complications of spinal anesthesia -- Continuous spinal anesthesia (CSA) -- Continuous spinal anesthesia (CSA) in obstetrics -- Chemical intraspinal neurolysis with phenol in glycerin -- Epidural anesthesia -- Lumbar epidural anesthesia -- Thoracic epidural anesthesia -- Epidural anesthesia in obstetrics -- Lumbar epidural anesthesia in pediatric patients -- Epidural steroid injection -- Combined spinal and epidural anesthesia (CSE) -- Epidural caudal anesthesia -- Caudal anesthesia in adult patients -- Caudal anesthesia in pediatric patients -- Percutaneous epidural neuroplasty / James E. Heavner ... [et al.] -- Adjuncts to local anesthesia in neuraxial blocks. 330 $aNew to the third edition:new - regional anaesthesia in ophthalmic surgery new - intravenous regional anaesthesia new - percutaneous epidural neuroplasty a new block for the trigeminal nerve extended coverage of the brachial plexus block and infraclavicular block new - therapy for tennis elbow and for carpal tunnel syndrome new - intra-ganglion injection therapy for muscular piriform syndrome new - latest developments in neuroaxial blockade 40% bigger than the last edition Regional nerve blocks are i 606 $aConduction anesthesia 606 $aConduction anesthesia$vAtlases 608 $aElectronic books. 615 0$aConduction anesthesia. 615 0$aConduction anesthesia 676 $a617.964 700 $aJankovic$b Danilo$0790286 701 $aHarrop-Griffiths$b William$0863986 701 $aJankovic$b Danilo$0790286 801 0$bMiAaPQ 801 1$bMiAaPQ 801 2$bMiAaPQ 906 $aBOOK 912 $a9910145437903321 996 $aRegional nerve blocks and infiltration therapy$91950666 997 $aUNINA LEADER 01192nam 2200409 450 001 9910148591603321 005 20230808200215.0 010 $a1-4555-5550-9 010 $a1-4555-3984-8 035 $a(CKB)3710000000921822 035 $a(MiAaPQ)EBC5366919 035 $a(EXLCZ)993710000000921822 100 $a20180607d2016 uy 0 101 0 $aeng 135 $aurcnu|||||||| 181 $ctxt$2rdacontent 182 $cc$2rdamedia 183 $acr$2rdacarrier 200 14$aThe flower chef $ea modern guide to do-it-yourself floral arrangements /$fCarly Cylinder ; edited by Amara Holstein 205 $aFirst edition. 210 1$aNew York ;$aBoston :$cGrand Central Life & Style,$d[2016] 210 4$dİ2016 215 $a1 online resource (223 pages) $cillustrations 300 $aIncludes index. 311 $a1-4555-5549-5 606 $aFlower arrangement 615 0$aFlower arrangement. 676 $a745.92 700 $aCylinder$b Carly$01216891 702 $aHolstein$b Amara 801 0$bMiAaPQ 801 1$bMiAaPQ 801 2$bMiAaPQ 906 $aBOOK 912 $a9910148591603321 996 $aThe flower chef$92813715 997 $aUNINA